000 00708nam a22002297a 4500
005 20170124110101.0
010 _a666133
020 _c25.00
035 _a666133
037 _bCen Lib/Ret
040 _aDPL
_bEN
082 _a954.09
_bBHA
100 _aBhargava, G.S.
_97100
245 _aCrush India or Pakistan death wish /
_cby G.S. Bhargava
260 _a Delhi
_bIndia school supply depot
_c1972
270 _b Delhi
_e110006
_a3762, Netaji Subhash road
300 _a236p.:
_c20cm(Hb)
_bill.
500 _aIncludes index
650 _aIndia-Pakistan Conflict--(1971)
_927701
650 _aPolitical science--Citizen participation
_973819
942 _2ddc
_cEN
_h954.09
_mBHA
999 _c129705
_d129705